000 00444nam a2200145 a 4500
008 040326s1955||||xx 0 und c
040 _aSNK
_bslo
_cSNK
_eAACR2
245 1 0 _aNemecko - slovenský slovník. I.
_bučebná pomôcka pre žiakov všeobecnovzdelávacích škôl
250 _a1. vyd.
260 _aBratislava
_bSlovenské pedagogické nakladateľstvo
_c1955
300 _a674 s.
020 _c17,40
041 _aslo
044 _axo
_cSK
999 _c19696
_d19696